000 00912cam a2200157ua 4500
041 _aeng
_h
082 _a627.83
_bIND/GU
110 1 _aIndian standards institution .
_bISI
_c()
245 _aGuidelines for selection of spillways and energy dissipators,IS:10137-1982
250 _a1 /
_b.
260 _aNew Delhi :
_bIndian standards institution ,
_c1982.
300 _a22 ; .
504 _a
942 _cBK
999 _c4661
_d4661